[Event "Prague Summer op-A 10th"]
[Site "Prague"]
[Date "2023.08.04"]
[Round "1"]
[White "Zelezny, Jan"]
[Black "Neuman, Petr"]
[Result "0-1"]
[WhiteElo "1912"]
[BlackElo "2370"]
[PlyCount "104"]
[EventDate "2023.08.04"]
[EventType "swiss"]
[EventRounds "9"]
[EventCountry "CZE"]
[SourceTitle "CBM 215 Extra"]
[Source "ChessBase"]
[SourceDate "2023.09.30"]
[SourceVersion "1"]
[SourceVersionDate "2023.09.30"]
[SourceQuality "1"]

1. e4 c5 2. Nc3 Nc6 3. g3 g6 4. Bg2 Bg7 5. d3 d6 6. Be3 Rb8 7. Qd2 b5 8. Nge2 b4 9. Nd1 e5 10. 0-0 Nge7 11. Bh6 0-0 12. Bxg7 Kxg7 13. Ne3 Be6 14. f4 f6 15. f5 Bf7 16. fxg6 hxg6 17. Rf2 Be6 18. Raf1 Nd4 19. g4 Nxe2+ 20. Qxe2 Rf7 21. h4 Qh8 22. h5 Qh6 23. Bf3 Rh8 24. Rh2 Qg5 25. Kf2 Kf8 26. Rfh1 Rfh7 27. Ke1 Rh6 28. a3 a5 29. axb4 cxb4 30. Qd2 a4 31. Ke2 Nc6 32. c3 a3 33. Nc2 axb2 34. Qxg5 fxg5 35. c4 gxh5 36. gxh5 g4 37. Bg2 g3 38. Rh4 Rxh5 39. Rxh5 Bg4+ 40. Ke3 Rxh5 41. Rb1 Rh2 42. Ne1 Nd4 43. Rxb2 b3 44. Rd2 Ke7 45. Rb2 Kd8 46. Rd2 Kc7 47. Rb2 Kc6 48. Rd2 Kc5 49. Rb2 Kb4 50. Rb1 Kc3 51. c5 dxc5 52. Rc1+ Nc2+ 0-1

[Event "Prague op-A 20th"]
[Site "Prague"]
[Date "2022.01.07"]
[Round "1"]
[White "Zelezny, Jan"]
[Black "Mannion, Stephen R"]
[Result "0-1"]
[WhiteElo "1920"]
[BlackElo "2271"]
[PlyCount "82"]
[EventDate "2022.01.07"]
[EventType "swiss"]
[EventRounds "9"]
[EventCountry "CZE"]
[SourceTitle "CBM 206 Extra"]
[Source "ChessBase"]
[SourceDate "2022.03.31"]
[SourceVersion "1"]
[SourceVersionDate "2022.03.31"]
[SourceQuality "1"]

1. e4 e5 2. Nf3 Nc6 3. Bc4 Bc5 4. 0-0 Nf6 5. d4 Bxd4 6. Nxd4 Nxd4 7. Bg5 h6 8. Bh4 g5 9. f4 d5 10. fxg5 Bg4 11. Qe1 dxc4 12. g6 Ne2+ 13. Kh1 Nf4 14. Rxf4 exf4 15. e5 0-0 16. Bxf6 Qd1 17. Qxd1 Bxd1 18. Nc3 Bxc2 19. g7 Rfd8 20. Rf1 Bg6 21. Rxf4 b5 22. Rh4 h5 23. h3 b4 24. Nb5 Rd5 25. Nxc7 Rd1+ 26. Kh2 c3 27. Nxa8 cxb2 28. Rc4 Bf5 29. Rxb4 b1Q 30. Rxb1 Rxb1 31. Nc7 Be6 32. a3 Rb3 33. Ne8 Bd7 34. Nd6 Rxa3 35. Ne4 Re3 36. Ng5 a5 37. g4 hxg4 38. h4 g3+ 39. Kg1 Bc6 40. Kf1 g2+ 41. Kf2 Re2+ 0-1

[Event "CZE-ch Betsys Online Blitz"]
[Site "Chess.com INT"]
[Date "2021.04.17"]
[Round "11"]
[White "Kral, David"]
[Black "Zelezny, Jan"]
[Result "1-0"]
[WhiteElo "1982"]
[BlackElo "1783"]
[PlyCount "48"]
[EventDate "2021.04.17"]
[EventType "swiss (blitz)"]
[EventRounds "13"]
[EventCountry "CZE"]
[SourceTitle "CBM 201 Extra"]
[Source "ChessBase"]
[SourceDate "2021.05.31"]
[SourceVersion "1"]
[SourceVersionDate "2021.05.31"]
[SourceQuality "1"]

1. d4 e6 2. c4 d5 3. Nc3 c5 4. Nf3 cxd4 5. Nxd4 e5 6. Nc2 d4 7. Ne4 f5 8. Ng3 h5 9. h4 Be7 10. e3 Bxh4 11. exd4 Bxg3 12. fxg3 g6 13. dxe5 Qxd1+ 14. Kxd1 Nc6 15. Bf4 Nh6 16. Ne3 Nf7 17. Nd5 0-0 18. Nc7 Rb8 19. e6 Nfe5 20. e7 Nxe7 21. Bxe5 Bd7 22. Nd5 Rbe8 23. Nf6+ Rxf6 24. Bxf6 Nc6 1-0

[Event "CZE-ch Betsys Online Blitz"]
[Site "Chess.com INT"]
[Date "2021.04.17"]
[Round "5"]
[White "Zak, Daniel"]
[Black "Zelezny, Jan"]
[Result "1-0"]
[WhiteElo "1375"]
[BlackElo "1783"]
[PlyCount "61"]
[EventDate "2021.04.17"]
[EventType "swiss (blitz)"]
[EventRounds "13"]
[EventCountry "CZE"]
[SourceTitle "CBM 201 Extra"]
[Source "ChessBase"]
[SourceDate "2021.05.31"]
[SourceVersion "1"]
[SourceVersionDate "2021.05.31"]
[SourceQuality "1"]

1. d4 e6 2. e4 d5 3. Nd2 dxe4 4. Nxe4 Bd7 5. c3 Bc6 6. Bd3 Nd7 7. Nf3 Ngf6 8. Bg5 Be7 9. Nxf6+ Nxf6 10. Qc2 h6 11. Bxf6 Bxf6 12. 0-0-0 a5 13. Rhg1 0-0 14. Ne5 Be8 15. g4 b5 16. f4 b4 17. g5 hxg5 18. fxg5 Bxg5+ 19. Kb1 bxc3 20. Qg2 Bh6 21. Qh3 Kh8 22. Rxg7 Kxg7 23. Rg1+ Bg5 24. Qh7+ Kf6 25. Rxg5 Kxg5 26. Qg7+ Kf4 27. Qg4+ Ke3 28. Qe4+ Kf2 29. Qe2+ Kg1 30. Nf3+ Kh1 31. Qf1# 1-0

[Event "CZE-ch Betsys Online Blitz"]
[Site "Chess.com INT"]
[Date "2021.04.17"]
[Round "3"]
[White "Zelezny, Jan"]
[Black "Chrz, Pavel"]
[Result "1-0"]
[WhiteElo "1783"]
[BlackElo "1965"]
[PlyCount "63"]
[EventDate "2021.04.17"]
[EventType "swiss (blitz)"]
[EventRounds "13"]
[EventCountry "CZE"]
[SourceTitle "CBM 201 Extra"]
[Source "ChessBase"]
[SourceDate "2021.05.31"]
[SourceVersion "1"]
[SourceVersionDate "2021.05.31"]
[SourceQuality "1"]

1. e4 c5 2. Nc3 Nc6 3. g3 g6 4. Bg2 Bg7 5. d3 d6 6. Nh3 Rb8 7. 0-0 Nd4 8. Be3 h5 9. f4 Bg4 10. Qd2 Qd7 11. Nf2 Nf3+ 12. Bxf3 Bxf3 13. h3 Nh6 14. d4 Ng4 15. hxg4 hxg4 16. dxc5 Rc8 17. cxd6 exd6 18. Bd4 f6 19. Ne2 Kf7 20. c3 Rh7 21. Be3 Qe8 22. Nd4 Qh8 23. Nxf3 gxf3 24. Qd1 Re8 25. Qxf3 d5 26. exd5 f5 27. Bd4 b6 28. Bxg7 Kxg7 29. Rae1 Rf8 30. Re7+ Rf7 31. Rxf7+ Kxf7 32. Re1 1-0

[Event "CZE-ch Betsys Online Blitz"]
[Site "Chess.com INT"]
[Date "2021.04.17"]
[Round "7"]
[White "Zelezny, Jan"]
[Black "Do The, Dan"]
[Result "1-0"]
[WhiteElo "1783"]
[BlackElo "1622"]
[PlyCount "59"]
[EventDate "2021.04.17"]
[EventType "swiss (blitz)"]
[EventRounds "13"]
[EventCountry "CZE"]
[SourceTitle "CBM 201 Extra"]
[Source "ChessBase"]
[SourceDate "2021.05.31"]
[SourceVersion "1"]
[SourceVersionDate "2021.05.31"]
[SourceQuality "1"]

1. e4 Nf6 2. Nc3 d5 3. e5 Ne4 4. Nxe4 dxe4 5. d4 Nc6 6. Be3 Bf5 7. Bb5 e6 8. Ne2 Qd5 9. c4 Qd8 10. d5 Bb4+ 11. Nc3 exd5 12. Qxd5 Bxc3+ 13. bxc3 Bd7 14. Qxe4 0-0 15. 0-0 Qe7 16. f4 a6 17. Ba4 Rfe8 18. Bc2 g6 19. Qf3 Be6 20. c5 Rad8 21. Rad1 Bxa2 22. Be4 Bc4 23. Rfe1 Bb5 24. Bd4 Nxd4 25. cxd4 c6 26. f5 Ba4 27. f6 Qe6 28. Rb1 Rxd4 29. Qe3 Red8 30. Qh6 1-0